000 00653nam a2200217 i 4500
001 142862
003 ES-MaACL
005 20230906200637.0
007 t|
008 071010s1946 sp ||||1| spa d
080 _a616.39-053.2(022)
100 1 _aVidal Jordana, Gregorio.
_9114495
245 1 0 _aEnfermedades por carencia en la infancia /
_cG. Vidal Jordana.
260 _aBarcelona :
_bSalvat,
_c1946.
300 _a133 p. ;
_c23 cm.
490 1 _aManuales de medicina práctica
650 1 4 _aNiños-
_xEnfermedades.
_915546
830 0 _aManuales de medicina práctica
_9181070
852 _aES-MaACL
_jC-4076
_bR.23744
999 _c142862
_d142862